000 00382nam a2200133Ia 4500
008 100328s9999 xx 000 0 und d
082 _b67260
100 _aराजे नयना.
245 _aअनोख्या वाटा.
260 _bपारस.
630 _aअनोख्या वाटा.
730 _aअनोख्या वाटा.
942 _cBOOK
999 _c552999
_d552996